| 000 | 01652cam a2200205 4500 | ||
|---|---|---|---|
| 001 | ##E135118 | ||
| 008 | 060925n2005 000 0 eng u | ||
| 022 | _a0755912608 (web only publication) | ||
| 035 | _a(Sirsi) u135118 | ||
| 041 | 0 | _aeng | |
| 110 | 1 |
_aScotland _bScottish Executive _94769 |
|
| 245 | 0 | 0 | _aConstruction works procurement guidance |
| 260 | _c2005 | ||
| 505 | 2 | _aIntroductory note -- The Scottish public finance manual -- Scottish Executive procurement guidance -- Construction works procurement - an overview -- Construction works procurement guidance | |
| 520 | _aProvides the Scottish Executiveαs Departments, Associated Departments, Executive Agencies and most sponsored bodies with mandatory policy and procedures for construction works projects that will deliver value for money. It supersedes the (former) Building Divisionαs ♯Client Packα, as well as Building Directorate Practice Notes 1 to 8 and Construction and Building Control Group Practice Notes 2A and 7A. The Construction Procurement Manual should be considered applicable to all bodies which are subject to the Scottish Public Finance Manual which includes the Scottish Executive (including Executive Agencies); non-ministerial offices of the Scottish Administration (associated departments); the Forestry Commission (in respect of its activities in Scotland); the Scottish Parliament Corporate Body; and sponsored bodies. | ||
| 651 | 4 |
_aScotland _y1999- |
|
| 690 |
_aProcurement _96260 |
||
| 856 | 4 | 0 |
_uhttps://www.scotland.gov.uk/Publications/2005/11/28100404/04042 _zView the manual on the Scottish Executive website www.scotland.gov.uk... |
| 942 | _n0 | ||
| 999 |
_c105921 _d105921 |
||